[Event "Mondiale Lampo FIDE 2019"]
[Site "Mosca"]
[Date "30.12.2019"]
[Round "13.9"]
[White "Zubov, Alexander"]
[Black "Dreev, Aleksey"]
[Result "1-0"]
[WhiteTitle "GM"]
[BlackTitle "GM"]
[WhiteElo "2601"]
[BlackElo "2677"]
[WhiteFideId "14109409"]
[BlackFideId "4100107"]
[EventDate "2019.12.29"]

1. d4 d5 2. c4 c6 3. Nf3 Nf6 4. Qb3 dxc4 5. Qxc4 Bg4 6. Nbd2 Nbd7 7. g3 e6 8.
Bg2 Bd6 9. O-O O-O 10. Qb3 Nb6 11. Re1 Rc8 12. Ne5 Bh5 13. Ndc4 Bc7 14. e3 Nfd7
15. a4 Nxe5 16. Nxe5 a5 17. Nd3 Rb8 18. Bd2 Nd7 19. Rac1 Bg6 20. e4 Re8 21. Be3
Bd6 22. Red1 Qe7 23. Qc3 Ra8 24. e5 Bc7 25. Nf4 Nb6 26. Qb3 Rab8 27. h4 Bf5 28.
Bf3 h6 29. Rc3 Nd5 30. Nxd5 exd5 31. Rcc1 Be6 32. Qc3 Qb4 33. Qxb4 axb4 34. b3
Bd8 35. h5 Bf5 36. Kg2 Be7 37. Be2 Ra8 38. g4 Be4+ 39. f3 Bh7 40. Kg3 f6 41. f4
Be4 42. Bf3 Red8 43. Bxe4 dxe4 44. f5 Ra5 45. Kf4 fxe5+ 46. dxe5 Bg5+ 47. Kxe4
Rxd1 48. Rxd1 Bxe3 49. Rd8+ Kf7 50. e6+ Kf6 51. Kxe3 Rc5 52. Kf4 Rc3 53. Rd7 1-0

[Event "Mondiale Lampo FIDE 2019"]
[Site "Mosca"]
[Date "30.12.2019"]
[Round "13.11"]
[White "Grischuk, Alexander"]
[Black "Firouzja, Alireza"]
[Result "0-1"]
[WhiteTitle "GM"]
[BlackTitle "GM"]
[WhiteElo "2777"]
[BlackElo "2723"]
[WhiteFideId "4126025"]
[BlackFideId "12573981"]
[EventDate "2019.12.29"]

1. e4 c5 2. Nf3 d6 3. d4 cxd4 4. Nxd4 Nf6 5. Nc3 Nc6 6. Bg5 e6 7. Qd2 a6 8.
O-O-O Bd7 9. f3 Nxd4 10. Qxd4 Be7 11. Kb1 Qc7 12. g4 h5 13. gxh5 Nxh5 14. h4 Qc5
15. Qd2 b5 16. Bd3 b4 17. Ne2 a5 18. Rhg1 a4 19. Bxe7 Kxe7 20. Rg5 e5 21. f4 f6
22. Rgg1 Be6 23. Rc1 a3 24. b3 Rac8 25. f5 Bf7 26. c3 bxc3 27. Rxc3 Qf2 28. Rgc1
Rxc3 29. Qxc3 Rd8 30. Bb5 Qb6 31. Qc7+ Qxc7 32. Rxc7+ Kf8 33. Bc6 d5 34. exd5
Bxd5 35. Bxd5 Rxd5 36. Rc8+ Kf7 37. Rc7+ Kf8 38. Rc8+ Ke7 39. Kc2 e4 40. Nc3 Re5
41. Kd2 e3+ 42. Ke1 Nf4 43. Rc4 Nd3+ 44. Ke2 Nc1+ 45. Ke1 Kf7 46. Rc7+ Kg8 47.
Kd1 e2+ 48. Nxe2 Nxe2 49. b4 Nd4 50. Kd2 Rxf5 51. Kd3 Nb5 52. Rd7 Re5 53. Kc4 f5 0-1

[Event "Mondiale Lampo FIDE 2019"]
[Site "Mosca"]
[Date "30.12.2019"]
[Round "13.12"]
[White "Jobava, Baadur"]
[Black "Savchenko, Boris"]
[Result "1-0"]
[WhiteTitle "GM"]
[BlackTitle "GM"]
[WhiteElo "2604"]
[BlackElo "2577"]
[WhiteFideId "13601520"]
[BlackFideId "4147332"]
[EventDate "2019.12.29"]

1. d4 d5 2. c4 e6 3. Nf3 a6 4. c5 Nf6 5. Nc3 b6 6. cxb6 cxb6 7. Bf4 Bb7 8. e3 b5
9. Bd3 Be7 10. O-O O-O 11. Rc1 Nbd7 12. h3 Qb6 13. Ne5 Rac8 14. Qf3 Nxe5 15.
Bxe5 Nd7 16. Bf4 f5 17. Qg3 Nf6 18. Be5 Nh5 19. Qf3 Nf6 20. Ne2 Nd7 21. Bf4 Bh4
22. Bg3 Be7 23. h4 Nf6 24. Bf4 Ne4 25. Bxe4 dxe4 26. Qg3 Qd8 27. Be5 g6 28. Nf4
Bxh4 29. Qh2 Qe7 30. g3 Rxc1 31. Rxc1 Bf6 32. Rc7 Qxc7 33. Bxc7 Rc8 34. Be5 1-0

[Event "Mondiale Lampo FIDE 2019"]
[Site "Mosca"]
[Date "30.12.2019"]
[Round "13.13"]
[White "Aronian, Levon"]
[Black "Gareyev, Timur"]
[Result "1-0"]
[WhiteTitle "GM"]
[BlackTitle "GM"]
[WhiteElo "2775"]
[BlackElo "2598"]
[WhiteFideId "13300474"]
[BlackFideId "14200937"]
[EventDate "2019.12.29"]

1. d4 Nf6 2. Nf3 g6 3. Nbd2 d5 4. e3 Bg7 5. b4 c6 6. Bb2 a5 7. b5 O-O 8. a4 Bf5
9. c4 Ne4 10. Qb3 Nxd2 11. Nxd2 Nd7 12. cxd5 cxd5 13. Qxd5 Rc8 14. Be2 Nb6 15.
Qxd8 Rfxd8 16. Nb3 Rc2 17. Bc1 e5 18. Bd1 Rc3 19. O-O Nc4 20. Re1 b6 21. e4 exd4
22. exf5 d3 23. Bg5 f6 24. Bd2 Nxd2 25. Nxd2 gxf5 26. Rc1 Rxc1 27. Bb3+ Kf8 28.
Rxc1 Bh6 29. Rd1 Rc8 30. Nc4 Re8 31. Kf1 d2 32. Nxd2 1-0

[Event "Mondiale Lampo FIDE 2019"]
[Site "Mosca"]
[Date "30.12.2019"]
[Round "13.14"]
[White "Ponkratov, Pavel"]
[Black "Socko, Bartosz"]
[Result "0-1"]
[WhiteTitle "GM"]
[BlackTitle "GM"]
[WhiteElo "2632"]
[BlackElo "2618"]
[WhiteFideId "4157800"]
[BlackFideId "1107038"]
[EventDate "2019.12.29"]

1. e4 c6 2. d4 d5 3. e5 c5 4. dxc5 e6 5. a3 Bxc5 6. Nf3 Ne7 7. Bd3 Ng6 8. O-O
O-O 9. b4 Be7 10. c4 a5 11. cxd5 exd5 12. b5 Bg4 13. Bb2 Nd7 14. Re1 Nh4 15.
Nbd2 Qb6 16. h3 Bh5 17. Be2 Nxf3+ 18. Bxf3 Bxf3 19. Nxf3 Qxb5 20. Rb1 Qc6 21.
Nd4 Qg6 22. Re3 h6 23. e6 Nf6 24. Rg3 Qe4 25. Qf1 Bd6 26. Re1 Qh7 27. Rf3 Ne4
28. Rxf7 Qg6 29. Nf5 Rxf7 30. exf7+ Qxf7 31. g4 Bc5 32. Rxe4 dxe4 33. Bxg7 Kh7
34. Qe2 Rg8 35. Bb2 Qxf5 36. Qd2 Qxf2+ 0-1

[Event "Mondiale Lampo FIDE 2019"]
[Site "Mosca"]
[Date "30.12.2019"]
[Round "13.15"]
[White "Adly, Ahmed"]
[Black "Vavulin, Maxim"]
[Result "0-1"]
[WhiteTitle "GM"]
[BlackTitle "GM"]
[WhiteElo "2607"]
[BlackElo "2556"]
[WhiteFideId "10601619"]
[BlackFideId "4169530"]
[EventDate "2019.12.29"]

1. d4 g6 2. Nf3 Bg7 3. g3 c5 4. Bg2 cxd4 5. Nxd4 Nc6 6. Nb3 f5 7. O-O Nf6 8. c4
O-O 9. Nc3 b6 10. Bf4 Bb7 11. Qd2 Rc8 12. Rfd1 d6 13. Nb5 Qd7 14. Rac1 a6 15.
Nc3 Nh5 16. Be3 Ne5 17. Bxb7 Qxb7 18. Qd5+ Qxd5 19. Nxd5 Kf7 20. Nxb6 Rc7 21. c5
dxc5 22. Nd5 Rcc8 23. Nxc5 Rc6 24. Nb4 Rf6 25. Bd4 Rd6 26. Bxe5 Bxe5 27. Nd7
Bxb2 28. Rxd6 exd6 29. Rc7 Re8 30. Nd3 Bg7 31. Nb6+ Kf6 32. Nd5+ Ke6 33. N5b4 a5
34. Nc6 a4 35. Ra7 Rc8 36. Ncb4 Bd4 37. Rxa4 Nf6 38. Nf4+ Kf7 39. e3 Bc5 40.
Nbd3 Bb6 41. Ra6 Rb8 42. a4 g5 43. Ne2 Ne4 44. a5 Bd8 45. Nd4 Rb1+ 46. Kg2 Rd1
47. Ra7+ Kg6 48. Nb4 Rd2 49. Nbc6 Rxf2+ 50. Kg1 Bf6 51. Ne6 Ra2 52. Nf8+ Kh5 53.
h3 Ra1+ 54. Kg2 Ra2+ 55. Kg1 Ra1+ 56. Kg2 Ra2+ 57. Kf1 Nxg3+ 58. Ke1 h6 59. a6
Ne4 60. Ne6 Bc3+ 61. Kd1 Nf2+ 62. Kc1 Nd3+ 63. Kb1 Rb2+ 64. Ka1 Rb3+ 65. Ka2
Nc1# 0-1

[Event "Mondiale Lampo FIDE 2019"]
[Site "Mosca"]
[Date "30.12.2019"]
[Round "13.16"]
[White "Le, Quang Liem"]
[Black "Sarana, Alexey"]
[Result "0-1"]
[WhiteTitle "GM"]
[BlackTitle "GM"]
[WhiteElo "2713"]
[BlackElo "2663"]
[WhiteFideId "12401137"]
[BlackFideId "24133795"]
[EventDate "2019.12.29"]

1. e4 c5 2. Nc3 d6 3. Nge2 g6 4. d4 Nd7 5. Be3 Bg7 6. Qd2 Ngf6 7. f3 cxd4 8.
Nxd4 h5 9. O-O-O a6 10. Kb1 b5 11. Nd5 Nxd5 12. exd5 Bb7 13. Nc6 Qc7 14. Qa5 Rc8
15. Qxc7 Rxc7 16. Na5 Ba8 17. c4 bxc4 18. Bxc4 Nc5 19. Bxc5 Rxc5 20. b4 Rc7 21.
Bxa6 O-O 22. Rd3 Rb8 23. a3 Ra7 24. Nc6 Bxc6 25. dxc6 Rxa6 26. Rc1 Rab6 27. Ka2
Kf8 28. Kb3 Rc8 29. a4 Rbxc6 30. Rxc6 Rxc6 31. b5 Rc1 32. a5 Ke8 33. a6 Kd7 34.
Kb4 Kc7 35. Ra3 Rb1+ 36. Kc4 Kb8 37. a7+ Ka8 38. Ra6 Rc1+ 39. Kd3 Rd1+ 40. Kc2
Ra1 41. Rc6 Rxa7 42. b6 Rd7 0-1

[Event "Mondiale Lampo FIDE 2019"]
[Site "Mosca"]
[Date "30.12.2019"]
[Round "13.17"]
[White "Fedoseev, Vladimir3"]
[Black "Alekseev, Evgeny"]
[Result "1-0"]
[WhiteTitle "GM"]
[BlackTitle "GM"]
[WhiteElo "2677"]
[BlackElo "2620"]
[WhiteFideId "24130737"]
[BlackFideId "4138147"]
[EventDate "2019.12.29"]

1. e4 c5 2. Nf3 Nc6 3. Bb5 g6 4. O-O Bg7 5. c3 Nf6 6. Re1 O-O 7. h3 d6 8. d4 Qb6
9. a4 a6 10. Bxc6 Qxc6 11. d5 Qc7 12. a5 e6 13. c4 exd5 14. cxd5 Re8 15. Nc3 b5
16. axb6 Qxb6 17. Qc2 Rb8 18. Ra2 Qb3 19. Qxb3 Rxb3 20. Bf4 Bf8 21. Nd2 Rxc3 22.
bxc3 Nxd5 23. Bg3 Nxc3 24. Raa1 Bg7 25. e5 dxe5 26. Ra5 Nb5 27. Rc1 e4 28. Rxc5
Bd4 29. Rc2 e3 30. fxe3 Bxe3+ 31. Bf2 Bf5 32. Rb2 Bh6 33. Rxa6 Nc3 34. Nf3 Ne2+
35. Kh2 Nf4 36. Bg3 Nd3 37. Rb8 Rxb8 38. Bxb8 Bg7 39. Bd6 h6 40. Ra8+ Kh7 41.
Ra7 Be6 42. g4 Nf2 43. Nd2 Nd3 44. Ne4 g5 45. Ng3 Kg6 46. Ra6 Ne5 47. Nh5 Bh8
48. Ra8 Nf3+ 49. Kg3 Be5+ 50. Bxe5 Nxe5 51. Rg8+ 1-0

[Event "Mondiale Lampo FIDE 2019"]
[Site "Mosca"]
[Date "30.12.2019"]
[Round "13.19"]
[White "Tari, Aryan"]
[Black "Tomashevsky, Evgeny"]
[Result "1/2-1/2"]
[WhiteTitle "GM"]
[BlackTitle "GM"]
[WhiteElo "2634"]
[BlackElo "2705"]
[WhiteFideId "1510045"]
[BlackFideId "4147235"]
[EventDate "2019.12.29"]

1. e4 e5 2. Nf3 Nc6 3. Bb5 Nf6 4. d3 Bc5 5. Bxc6 dxc6 6. Nbd2 Nd7 7. Nc4 f6 8.
O-O O-O 9. Be3 b6 10. Nh4 g6 11. g3 Qe7 12. Qd2 Rf7 13. Rae1 Bb4 14. c3 Bd6 15.
f4 Ba6 16. b3 Rd8 17. Nf3 Bxc4 18. bxc4 Qe6 19. f5 gxf5 20. exf5 Qe7 21. d4 Kh8
22. Kh1 c5 23. Qg2 Qf8 24. d5 a6 25. a4 Rb8 26. Nd2 b5 27. axb5 axb5 28. cxb5
Rxb5 29. c4 Rb2 30. Rb1 Qb8 31. Rxb2 Qxb2 32. Rb1 Qa2 33. Qe4 Nb6 34. Qd3 Rf8
35. Qb3 Ra8 36. Kg2 Kg8 37. Kf3 Qxb3 38. Rxb3 Kf7 39. Rb5 Ra3 40. Ke2 Ra2 41.
Kd3 Ra3+ 42. Rb3 Ra4 43. Rc3 Ra2 44. Rc2 Ra3+ 45. Ke2 Ra4 46. Rc3 h5 47. Rc2 Rb4
48. Kd3 Ra4 49. Ne4 Ra3+ 50. Ke2 Ra4 51. Bxc5 Bxc5 52. Nxc5 Rxc4 53. Rxc4 Nxc4
54. Ne6 Ke7 55. Nxc7 e4 56. Ne6 Kd6 57. Nf4 Ke5 58. Nxh5 Kxf5 59. Nf4 Nd6 60. h4
Kg4 61. h5 Nf5 62. Kf2 Kg5 63. Kg2 Kg4 64. Kf2 Kg5 65. Ne6+ Kxh5 66. Nc5 e3+ 67.
Kf3 Kg6 68. Ne4 Kf7 69. g4 Ne7 70. Nc3 f5 71. g5 Kg6 72. d6 Nc6 73. Kf4 Nb8 74.
Ne2 Nd7 75. Nd4 Nb8 76. Nxf5 e2 77. Nh4+ Kh5 78. Nf3 Kg6 79. Ke3 e1=Q+ 80. Nxe1
Kxg5 81. Kd4 Kf6 82. Kd5 Kf7 83. Nd3 Ke8 84. Nc5 Nd7 85. Ne6 Nf6+ 86. Kc6 Nd7
87. Kc7 Nf6 88. Nf4 Kf7 89. Kc6 Ke8 90. Kc7 Kf7 91. Kc8 Kf8 92. Nh5 Nd5 93. Kd8
Kf7 94. Kd7 Kg6 95. Ng3 Kf7 96. Ne4 Nb6+ 97. Kc6 Nc4 98. Ng5+ Kg8 99. Nf3 Nxd6
100. Kxd6 1/2-1/2

[Event "Mondiale Lampo FIDE 2019"]
[Site "Mosca"]
[Date "30.12.2019"]
[Round "13.20"]
[White "Salem, A.R. Saleh"]
[Black "Amin, Bassem"]
[Result "1/2-1/2"]
[WhiteTitle "GM"]
[BlackTitle "GM"]
[WhiteElo "2675"]
[BlackElo "2683"]
[WhiteFideId "9301348"]
[BlackFideId "10601457"]
[EventDate "2019.12.29"]

1. d4 Nf6 2. c4 g6 3. Nc3 Bg7 4. e4 d6 5. h3 O-O 6. Be3 c6 7. Bd3 Na6 8. e5 Nd7
9. f4 c5 10. Nf3 cxd4 11. Bxd4 dxe5 12. fxe5 Nac5 13. Be4 Ne6 14. Be3 Nxe5 15.
Nxe5 Bxe5 16. O-O Bd4 17. Bxd4 Qxd4+ 18. Kh1 Qxd1 19. Raxd1 Nc5 20. Bf3 Rb8 21.
b4 Nd7 22. Nd5 Re8 23. Nc7 Rf8 24. Nd5 Re8 25. Nc7 Rf8 26. Nd5 1/2-1/2

[Event "Mondiale Lampo FIDE 2019"]
[Site "Mosca"]
[Date "30.12.2019"]
[Round "13.21"]
[White "Christiansen, Johan-Sebastian"]
[Black "Zhigalko, Sergei"]
[Result "0-1"]
[WhiteTitle "GM"]
[BlackTitle "GM"]
[WhiteElo "2597"]
[BlackElo "2571"]
[WhiteFideId "1512668"]
[BlackFideId "13502956"]
[EventDate "2019.12.29"]

1. e4 c5 2. Nf3 Nc6 3. Bb5 Nf6 4. Nc3 Qc7 5. O-O Nd4 6. Re1 a6 7. Bf1 Ng4 8. e5
h5 9. Nd5 Qc6 10. c4 e6 11. Nxd4 cxd4 12. Nf4 Qc7 13. Nd3 d6 14. f4 Bd7 15. h3
Nh6 16. Qxh5 O-O-O 17. exd6 Bxd6 18. c5 Bxf4 19. Nxf4 Qxf4 20. d3 Qg3 21. Re4
Nf5 22. Qe2 Rxh3 23. Bf4 Qg6 24. c6 Bxc6 25. Rc1 Rdh8 26. Rxc6+ bxc6 27. Qc2 e5
28. Rxe5 Rh1+ 29. Kf2 Ne3 30. Bxe3 Qf6+ 31. Kg3 Qxe5+ 32. Bf4 Qe1+ 33. Kg4 R1h4+
34. Kg5 Qe7+ 35. Kf5 Qe6+ 36. Kg5 Qg4# 0-1

[Event "Mondiale Lampo FIDE 2019"]
[Site "Mosca"]
[Date "30.12.2019"]
[Round "13.22"]
[White "Gelfand, Boris"]
[Black "Sychev, Klementy"]
[Result "0-1"]
[WhiteTitle "GM"]
[BlackTitle "GM"]
[WhiteElo "2684"]
[BlackElo "2563"]
[WhiteFideId "2805677"]
[BlackFideId "4114060"]
[EventDate "2019.12.29"]

1. d4 Nf6 2. c4 g6 3. g3 d5 4. cxd5 Nxd5 5. Bg2 Bg7 6. Nf3 Nb6 7. O-O Nc6 8. e3
e5 9. Nc3 exd4 10. exd4 O-O 11. Bg5 f6 12. Be3 Be6 13. Re1 Re8 14. a3 Bf7 15.
Qc2 Nd5 16. Na4 Nce7 17. Nc5 b6 18. Nd3 Nxe3 19. fxe3 Nf5 20. Qf2 c5 21. g4 Nd6
22. Nd2 Rc8 23. dxc5 bxc5 24. Rad1 Qb6 25. b3 f5 26. gxf5 Nxf5 27. Kh1 c4 28.
bxc4 Nxe3 29. Rb1 Qd4 30. Nb4 Ng4 31. Qxd4 Bxd4 32. Bd5 Bc3 33. Rxe8+ Rxe8 34.
Nf3 Re2 35. Bxf7+ Kxf7 36. Nd5 Bb2 37. c5 Bxa3 38. c6 Rc2 39. Rb7+ Ke6 40. Nd4+
Kxd5 41. Nxc2 Kxc6 42. Rxh7 Bc5 43. Kg2 a5 44. Kf3 Ne5+ 45. Ke4 Ng4 46. h3 Nf6+ 0-1

[Event "Mondiale Lampo FIDE 2019"]
[Site "Mosca"]
[Date "30.12.2019"]
[Round "13.23"]
[White "Ivanisevic, Ivan"]
[Black "Korobov, Anton"]
[Result "1/2-1/2"]
[WhiteTitle "GM"]
[BlackTitle "GM"]
[WhiteElo "2593"]
[BlackElo "2668"]
[WhiteFideId "912417"]
[BlackFideId "14105730"]
[EventDate "2019.12.29"]

1. c4 e6 2. Nc3 d5 3. d4 c6 4. Nf3 Nf6 5. g3 dxc4 6. Ne5 Nbd7 7. Nxc4 b5 8. Ne3
Bb7 9. Bg2 a6 10. O-O Be7 11. Nc2 O-O 12. e4 b4 13. Na4 c5 14. d5 exd5 15. exd5
Bd6 16. Ne3 Re8 17. b3 Be5 18. Bb2 Bxb2 19. Nxb2 Nb6 20. d6 Bxg2 21. Kxg2 Ne4
22. Nbc4 Nxc4 23. Nxc4 Re6 24. Qd5 Rc8 25. Rfe1 Nf6 26. Qb7 Qd7 27. Qxd7 Nxd7
28. Rxe6 fxe6 29. f4 Kf7 30. Rd1 a5 31. Kf3 Ra8 32. Ke4 a4 33. Ne5+ Ke8 34. f5
exf5+ 35. Kxf5 axb3 36. axb3 Ra2 37. Nc4 Rxh2 38. Re1+ Kd8 39. Re7 Rh5+ 40. Kf4
Nf6 41. Rxg7 Rd5 42. Rf7 Ne8 43. Rf8 Rd4+ 44. Ke5 Kd7 45. Nb6+ Kc6 46. d7 Nd6
47. d8=Q Nf7+ 48. Rxf7 Rxd8 49. Nc4 Rd3 50. Rf6+ Kc7 51. Rf7+ Kc6 52. Rf6+ Kc7
53. Rf7+ Kc6 54. Rf6+ Kc7 55. Ke4 Rxb3 56. g4 Rg3 57. Rf4 Kc6 58. Rf6+ Kb5 59.
Nd6+ Ka4 60. Kf4 Rg1 61. Ke5 b3 62. Ne4 c4 63. Rb6 Ka3 64. Kd4 b2 65. Nd2 Rxg4+
66. Kc3 Rg3+ 67. Kxc4 Rg4+ 68. Kc3 Rg3+ 69. Kc2 Rg2 70. Rb3+ Ka4 71. Rxb2 h5 1/2-1/2

[Event "Mondiale Lampo FIDE 2019"]
[Site "Mosca"]
[Date "30.12.2019"]
[Round "13.24"]
[White "Petrov, Nikita"]
[Black "Vitiugov, Nikita"]
[Result "0-1"]
[WhiteTitle "GM"]
[BlackTitle "GM"]
[WhiteElo "2585"]
[BlackElo "2747"]
[WhiteFideId "4101286"]
[BlackFideId "4152956"]
[EventDate "2019.12.29"]

1. c4 Nf6 2. Nc3 e5 3. g3 Bb4 4. e4 Nc6 5. Bg2 O-O 6. Nge2 d6 7. O-O a5 8. d3
Bc5 9. h3 h6 10. Kh2 Nd4 11. Nxd4 Bxd4 12. Ne2 Bc5 13. f4 c6 14. Nc3 Rb8 15. Qf3
Nd7 16. f5 b5 17. cxb5 cxb5 18. g4 b4 19. Nd5 Bb7 20. Qg3 Bxd5 21. exd5 Bd4 22.
Be4 Rc8 23. g5 Rc2+ 24. Kh1 hxg5 25. Bxg5 f6 26. Be3 Qe7 27. Rg1 Rxb2 28. Rae1
Rc8 29. Bf3 Bxe3 30. Rxe3 Rcc2 31. Bg2 Rxa2 32. Qg4 b3 33. Rg3 Nf8 34. h4 Nh7
35. Qe4 b2 36. d4 Rc1 37. Bf3 Raa1 38. Kh2 b1=Q 39. Rxg7+ Qxg7 40. Rxg7+ Kxg7
41. Qg4+ Ng5 42. hxg5 Rh1+ 0-1

[Event "Mondiale Lampo FIDE 2019"]
[Site "Mosca"]
[Date "30.12.2019"]
[Round "13.25"]
[White "Nihal, Sarin"]
[Black "Grachev, Boris"]
[Result "1-0"]
[WhiteTitle "GM"]
[BlackTitle "GM"]
[WhiteElo "2612"]
[BlackElo "2614"]
[WhiteFideId "25092340"]
[BlackFideId "4129199"]
[EventDate "2019.12.29"]

1. Nf3 d5 2. e3 Nf6 3. c4 e6 4. b3 Bd6 5. Bb2 O-O 6. Nc3 Re8 7. d4 c6 8. Be2
Nbd7 9. O-O b6 10. Rc1 Bb7 11. cxd5 exd5 12. Bd3 Qe7 13. Ne2 a5 14. Ng3 g6 15.
a4 Ba3 16. Qc2 Bxb2 17. Qxb2 Qd6 18. Rfd1 Rac8 19. h3 Rc7 20. Ne2 Nb8 21. Nf4
Nfd7 22. Bf1 Ba6 23. Nd3 f6 24. Rc2 Kg7 25. Rdc1 Rec8 26. h4 Nf8 27. g3 Bxd3 28.
Bxd3 Nbd7 29. e4 Ne6 30. Re1 c5 31. exd5 Nxd4 32. Nxd4 cxd4 33. Rxc7 Rxc7 34.
Qxd4 Ne5 35. Be4 Nf7 36. Bg2 Rd7 37. Qc3 Rc7 38. Qd4 Rd7 39. Qb2 Re7 40. Rc1 Ne5
41. Qd4 Rd7 42. Qe3 Re7 43. Qc3 Rd7 44. Re1 Rc7 45. Qd2 Rd7 46. Rc1 Nf7 47. h5
Rc7 48. Re1 Re7 49. Rd1 gxh5 50. Qd4 Rc7 51. Qh4 Qe5 52. Bf3 Nd6 53. Bxh5 Qg5
54. Qxg5+ fxg5 55. Bg4 Kf6 56. Re1 Re7 57. Rc1 Ke5 58. Rc6 Kxd5 59. Rxb6 Kc5 60.
Rb8 Re4 61. Bf3 Rb4 62. Ra8 Rxb3 63. Rxa5+ Kb6 64. Rd5 Kc7 65. Kg2 Ra3 66. Rxg5
Rxa4 67. Rg7+ Kb6 68. Rxh7 Kc5 69. Rh5+ Kb6 70. g4 Kc7 71. Rc5+ Kd7 72. Bc6+ 1-0

[Event "Mondiale Lampo FIDE 2019"]
[Site "Mosca"]
[Date "30.12.2019"]
[Round "13.26"]
[White "Anton Guijarro, David"]
[Black "Abdusattorov, Nodirbek"]
[Result "0-1"]
[WhiteTitle "GM"]
[BlackTitle "GM"]
[WhiteElo "2685"]
[BlackElo "2635"]
[WhiteFideId "2285525"]
[BlackFideId "14204118"]
[EventDate "2019.12.29"]

1. Nf3 Nf6 2. b3 b6 3. g3 Bb7 4. Bg2 e6 5. Bb2 c5 6. O-O Be7 7. c4 O-O 8. Nc3 d6
9. d4 cxd4 10. Nxd4 Bxg2 11. Kxg2 Qc7 12. e3 Nbd7 13. Rc1 a6 14. f4 Nc5 15. Rc2
Rac8 16. Qf3 Rfd8 17. Rd1 Qd7 18. h3 d5 19. cxd5 exd5 20. Rcc1 Bf8 21. Nde2 Nce4
22. g4 Qe6 23. Nd4 Qe8 24. Nf5 Nxc3 25. Rxc3 Rxc3 26. Bxc3 Ne4 27. Bd4 Qc6 28.
Qe2 Re8 29. Ng3 Nxg3 30. Kxg3 Bc5 31. Qd2 Qe6 32. Qd3 Bxd4 33. Qxd4 Qxe3+ 34.
Qxe3 Rxe3+ 35. Kf2 Rxh3 36. Rxd5 g6 37. Rd6 Rh2+ 38. Kf3 Rxa2 39. Rxb6 h6 40. f5
gxf5 41. gxf5 Kg7 42. Kf4 a5 43. Ra6 Ra3 44. Ke5 h5 45. f6+ Kg6 46. Ra8 Rxb3 47.
Rg8+ Kh6 48. Kd6 Re3 49. Kd7 Re6 50. Ra8 Rxf6 51. Rxa5 Re6 52. Ra1 Re4 53. Rf1
Kg6 54. Rg1+ Rg4 55. Rh1 f5 56. Ke6 Kg5 57. Kd5 h4 58. Rh2 Re4 59. Rg2+ Kf4 60.
Rg8 h3 61. Rg7 h2 0-1

[Event "Mondiale Lampo FIDE 2019"]
[Site "Mosca"]
[Date "30.12.2019"]
[Round "13.27"]
[White "Esipenko, Andrey"]
[Black "Mamedov, Rauf"]
[Result "0-1"]
[WhiteTitle "GM"]
[BlackTitle "GM"]
[WhiteElo "2642"]
[BlackElo "2659"]
[WhiteFideId "24175439"]
[BlackFideId "13401653"]
[EventDate "2019.12.29"]

1. d4 d5 2. c4 c6 3. Nf3 Nf6 4. e3 Bf5 5. Nc3 e6 6. Nh4 Be4 7. f3 Bg6 8. Qb3 Qc7
9. Bd2 Be7 10. Nxg6 hxg6 11. O-O-O dxc4 12. Bxc4 a6 13. Ne4 Nbd7 14. Kb1 b5 15.
Be2 Nxe4 16. fxe4 c5 17. e5 c4 18. Qc2 Nb6 19. Bf3 Rd8 20. Ba5 O-O 21. h4 Rb8
22. Be4 Qd7 23. h5 g5 24. h6 g6 25. Bxb6 Rxb6 26. Bxg6 Kh8 27. Rhf1 fxg6 28.
Qxg6 Rg8 29. Qh5 c3 30. Rf7 Qc6 31. Rc1 Qe4+ 32. Ka1 Qxe3 33. Kb1 Qe4+ 34. Rc2
Rf8 35. Rxf8+ Bxf8 36. Qe8 Qf5 37. g4 Qf1+ 38. Rc1 Qd3+ 39. Rc2 Qd1+ 40. Rc1 c2+ 0-1

[Event "Mondiale Lampo FIDE 2019"]
[Site "Mosca"]
[Date "30.12.2019"]
[Round "13.28"]
[White "Iturrizaga Bonelli, Eduardo"]
[Black "Grigoriants, Sergey"]
[Result "1/2-1/2"]
[WhiteTitle "GM"]
[BlackTitle "GM"]
[WhiteElo "2597"]
[BlackElo "2542"]
[WhiteFideId "3901211"]
[BlackFideId "4130804"]
[EventDate "2019.12.29"]

1. c4 e5 2. g3 Nf6 3. Bg2 Bc5 4. Nc3 c6 5. Nf3 e4 6. Nh4 d5 7. cxd5 cxd5 8. d4
Be7 9. f3 exf3 10. Nxf3 Nc6 11. O-O O-O 12. h3 h6 13. g4 Ne4 14. Bf4 Be6 15. Ne5
Nxe5 16. Bxe5 Nxc3 17. bxc3 Bd6 18. Bxd6 Qxd6 19. Rb1 b6 20. Qd3 Rac8 21. Rb3
Rc7 22. a4 Rfc8 23. Ra1 Rc4 24. a5 bxa5 25. Rxa5 Qc7 26. Raa3 a5 27. Kf2 Qf4+
28. Qf3 Qc7 29. Qe3 a4 30. Rb5 Qd6 31. Ra1 Rxc3 32. Qe5 Qxe5 33. dxe5 a3 34. Ra5
d4 35. R1xa3 1/2-1/2

[Event "Mondiale Lampo FIDE 2019"]
[Site "Mosca"]
[Date "30.12.2019"]
[Round "13.29"]
[White "Ganguly, Surya Shekhar"]
[Black "Indjic, Aleksandar"]
[Result "0-1"]
[WhiteTitle "GM"]
[BlackTitle "GM"]
[WhiteElo "2633"]
[BlackElo "2619"]
[WhiteFideId "5002150"]
[BlackFideId "911925"]
[EventDate "2019.12.29"]

1. d4 d6 2. e4 Nf6 3. Nc3 e5 4. Nf3 Nbd7 5. Be2 g6 6. O-O Bg7 7. h3 O-O 8. dxe5
dxe5 9. Be3 c6 10. a4 a5 11. Bc4 Qe7 12. Qe2 Nc5 13. Bxc5 Qxc5 14. Rad1 Qe7 15.
Qe3 Nd7 16. Rd2 Nc5 17. Rfd1 Ne6 18. Ne2 Qb4 19. Qb3 Qxb3 20. cxb3 Nc5 21. Nc3
Bf6 22. Rd6 Kg7 23. Kf1 Rb8 24. Ke2 h5 25. Ne1 Ne6 26. Nf3 Nd4+ 27. Nxd4 exd4
28. R6xd4 Bxd4 29. Rxd4 Re8 30. Kf3 Re7 31. Rd8 Bg4+ 32. hxg4 hxg4+ 33. Kxg4
Rxd8 0-1

[Event "Mondiale Lampo FIDE 2019"]
[Site "Mosca"]
[Date "30.12.2019"]
[Round "13.30"]
[White "Shimanov, Aleksandr"]
[Black "Bluebaum, Matthias"]
[Result "1-0"]
[WhiteTitle "GM"]
[BlackTitle "GM"]
[WhiteElo "2587"]
[BlackElo "2644"]
[WhiteFideId "4198603"]
[BlackFideId "24651516"]
[EventDate "2019.12.29"]

1. d4 Nf6 2. Bg5 d5 3. Nd2 c5 4. dxc5 e6 5. e4 h6 6. Bh4 Bxc5 7. e5 g5 8. Bg3
Nfd7 9. h4 Rf8 10. hxg5 hxg5 11. Qh5 Nc6 12. Ngf3 Qb6 13. Nb3 Qb4+ 14. c3 Qe4+
15. Be2 Be7 16. Nxg5 Qf5 17. Nf3 Qxh5 18. Rxh5 b6 19. Nbd4 Bb7 20. Nxc6 Bxc6 21.
Nd4 Bb7 22. Rh7 a6 23. Bh5 Nc5 24. b4 Ne4 25. Nxe6 Nxg3 26. fxg3 Rc8 27. Nxf8
Bxf8 28. Bxf7+ Kd8 29. Be6 1-0

[Event "Mondiale Lampo FIDE 2019"]
[Site "Mosca"]
[Date "30.12.2019"]
[Round "13.32"]
[White "Sethuraman, S.P."]
[Black "Chigaev, Maksim"]
[Result "1-0"]
[WhiteTitle "GM"]
[BlackTitle "GM"]
[WhiteElo "2638"]
[BlackElo "2631"]
[WhiteFideId "5021596"]
[BlackFideId "4108116"]
[EventDate "2019.12.29"]

1. e4 e6 2. d4 d5 3. Nc3 Bb4 4. e5 Ne7 5. a3 Bxc3+ 6. bxc3 b6 7. Qg4 Ng6 8. h4
h5 9. Qg3 Ba6 10. Bd3 Bxd3 11. cxd3 Qd7 12. Ne2 Nc6 13. Bg5 Kf8 14. O-O Nge7 15.
Qf3 Nf5 16. Nf4 Nce7 17. Nxh5 Ng6 18. g3 Rc8 19. Nf4 Nxf4 20. Bxf4 c5 21. dxc5
Rxc5 22. d4 Rc4 23. h5 Kg8 24. g4 Ne7 25. Kg2 Kh7 26. Bg5 Rf8 27. h6 f5 28. hxg7
Kxg7 29. Rh1 Rf7 30. Qh3 Kf8 31. Qh8+ Ng8 32. Bh6+ Rg7 33. Rh3 fxg4 34. Rg3 Qf7
35. Rxg4 1-0